Os navios de Vera Cruz (Registo nº 2733)

Detalhes MARC
000 -Etiqueta do registo
Cabeçalho 00806nam a22002771 4500
005 - Identificador da versão
Campo de controlo 20240828112447.0
010 ## - Número internacional normalizado dos livros (ISBN)
Número (ISBN) 9720704144
021 ## - Número do Depósito Legal
Código do país PT
Número 42886/91
100 ## - Dados gerais de processamento
Dados gerais de processamento 19980622d1991 cd y0pory5003 ba
101 0# - Língua de publicação
Língua do texto, banda sonora, etc. Português
102 ## - Pais de publicação ou produção
País de publicação Portugal
105 ## - Campo de dados codificados: livros
Dados codificados dos livros a z 001zy
106 ## - Campo de dados codificados: material textual
Dados codificados do material textual r
200 1# - Titulo e menção de responsabilidade
Título próprio Os navios de Vera Cruz
Primeira menção de responsabilidade texto A. do Carmo Reis
Outras menções de responsabilidade il. José Morim
210 ## - Publicação, Distribuição, etc. 
Lugar da edição, distribuição, etc. Porto
Nome do editor, distribuidor, etc. Porto Editora
Data da publicação, distribuição, etc. cop. 1991
215 ## - Descrição física 
Indicação específica da natureza do documento e extensão da espécie [2], 25 p.
Outras indicações físicas il.
Dimensões 27 cm
225 2# - Colecção 
Título próprio da colecção As viagens dos descobrimentos
Indicação de volume 4
606 ## - Nome comum usado como assunto
Número de registo de entrada de autoridade 0001540
Palavra de ordem História
Subdivisão geográfica Portugal
Subdivisão cronológica Descobrimentos
Número de registo de entrada de autoridade 0001654
Palavra de ordem Meios de transporte
Subdivisão de assunto Navios
675 ## - Classificação Decimal Universal (CDU)
Notação 946.9"14/15"
Edição
Língua da edição por
Notação 65
Edição
Língua da edição por
700 #1 - Nome de autor-pessoa física (responsabilidade principal)
Número de registo de entrada de autoridade 0001561
Palavra de ordem Reis
Outra parte do nome não tomada para palavra de ordem António do Carmo
Datas 1942-
702 #1 - Nome de autor-pessoa física (responsabilidade secundária)
Número de registo de entrada de autoridade 0000250
Palavra de ordem Morim
Outra parte do nome não tomada para palavra de ordem José
Código de função Ilustrador / Técnico de desenho computorizado
942 ## - Elementos de entrada adicionados (Koha)
Tipo de item no Koha Livro
Exemplares
Situação do levantamento Origin of item (home branch) (coded) Biblioteca de empréstimo Código de barras Cota Circulation type (not for loan) Tipo de documento Nota do exemplar Damaged status
  Biblioteca Escolar da Coca Maravilhas Biblioteca Escolar da Coca Maravilhas BECM3803/98 9PT REI   Livro Sem mensagem